La Campagne (Record no. 165045)

MARC details
000 -LEADER
campo de control de longitud fija 00902nam a2200193 i 4500
001 - NÚMERO DE CONTROL
campo de control 165045
003 - IDENTIFICADOR DE NÚMERO DE CONTROL
campo de control ES-MaACL
005 - FECHA Y HORA DE LA ÚLTIMA TRANSACCIÓN
campo de control 20230906213045.0
008 - DATOS DE LONGITUD FIJA--INFORMACIÓN GENERAL
campo de control de longitud fija 050809s1876 fr | |||||||| ||fre d
040 ## - FUENTE DE CATALOGACIÓN
Centro catalogador/agencia de origen CAM
Lengua de catalogación spa
Centro/agencia transcriptor CAM
100 1# - ENTRADA PRINCIPAL--NOMBRE DE PERSONA
Nombre de persona Scribe, Eugène.
9 (RLIN) 104966
245 13 - MENCIÓN DEL TÍTULO
Título La Campagne
Resto del título : ; La petite soeur ; Le mariage enfantin ; Les petites misères humaines ; L'amant bossu ; L'artiste ; Michel et Christine ; Philibert Marié /
Mención de responsabilidad, etc. Eugène Scribe.
260 ## - PUBLICACIÓN, DISTRIBUCIÓN, ETC.
Lugar de publicación, distribución, etc. Paris :
Nombre del editor, distribuidor, etc. E. Dentu, libraire-éditeur,
Fecha de publicación, distribución, etc. 1876 (
Fabricante Impr. Paul Dupont)
300 ## - DESCRIPCIÓN FÍSICA
Extensión 368, [2] p. ;
Dimensiones 18 cm.
490 1# - MENCIÓN DE SERIE
Mención de serie Oeuvres complètes de Eugène Scribe ;
Designación de volumen o secuencia 17.
Mención de serie Secondième série : comedies, vaudevilles. 8
830 0# - PUNTO DE ACCESO ADICIONAL DE SERIE-TÍTULO UNIFORME
Título uniforme Oeuvres complètes de Eugène Scribe ;
Designación de volumen o secuencia 17.
Título uniforme Secondième série : comedies, vaudevilles. 8
9 (RLIN) 222416
852 ## - LOCALIZACIÓN
Ubicación ES-MaACL
Número de control de estantería C-18555
Nota libre -- Enc. hol., conservando la cub. original
Holdings
Estatus retirado Estado de pérdida Estado de daño No para préstamo Colección Biblioteca de origen Biblioteca actual Ubicación en estantería Fecha de adquisición Fuente de adquisición Total de préstamos Signatura topográfica completa Código de barras Visto por última vez Precio de reemplazo Tipo de ítem Koha
        Libros del s. XIX Biblioteca del Ateneo de Madrid Biblioteca del Ateneo de Madrid Galería 17/01/2008     C-18555 1173022 23/02/2023 23/02/2023 Libro impreso antiguo